| 000 | 01244nam a22003737a 4500 | ||
|---|---|---|---|
| 003 | CHAP | ||
| 005 | 20220329134718.0 | ||
| 008 | 971013s1977 r 00010 d | ||
| 010 | _a24630 | ||
| 011 | _a25602 | ||
| 035 | _a29702 | ||
| 040 | _cCHAP | ||
| 082 |
_a519.54 _bH3 1977 |
||
| 100 | 0 | 0 |
_aHamburg, Morris. _952414 |
| 245 | _aStatistical analysis for decision making | ||
| 250 | _a2 ed. | ||
| 260 |
_aNew York : _bHarcourt Brace Jovanovich, _c1977 |
||
| 300 |
_a801 p. _b: ilus. ; gráfs. |
||
| 490 | _aInternational edition | ||
| 590 |
_aBATCH-UPD _b10 _c20130110 _lUCH01 _h0110 |
||
| 590 |
_aBATCH-UPD _b10 _c20130110 _lUCH01 _h1739 |
||
| 590 |
_aBATCH-UPD _b10 _c20130409 _lUCH01 _h2101 |
||
| 590 |
_aBATCH-UPD _b10 _c20130410 _lUCH01 _h1119 |
||
| 590 |
_aBATCH-UPD _b10 _c20130914 _lUCH01 _h0347 |
||
| 590 |
_aCONVERSION _b10 _c20130109 _lUCH01 _h1314 |
||
| 650 | 1 | 4 |
_aAnálisis estadístico. _95984 |
| 650 | 1 | 4 |
_aDecisión estadística. _931474 |
| 650 | 1 | 4 |
_aToma de decisiones. _9113662 |
| 830 | 0 |
_aInternational edition _959694 |
|
| 901 | _aBK | ||
| 942 | _cLIBRO | ||
| 949 |
_a519.54 H3 1977 _bBC _cLIBRO _d33724000144101 _eLIBRO _fc.2 _h51607 _i29702 _si |
||
| 949 |
_a519.54 H3 1977 _bBC _cLIBRO _d33724000144119 _eLIBRO _h51606 _i29702 _si |
||
| 999 |
_c24630 _d24630 |
||